1337 1638 1862 1930 1243 1143 1000 1274 1125 1850 1068 1891 1089 1630 1669 1250 1877 1681 1384 1509 1238 1587 1953 1270 1042 1907 1905 1883 1869 1344 1882 1544 1482 1497 1836 1494 1659 1313 1943 1689 1704 1096 1392 1602 1492 1798 1541 1132 1566 1890 1635 1477 1465 1905 1374 1392 1187 1687 1468 1840 1235 1333 1979 1800 1094 1948 1074 1023 1214 1948 1521 1667 1829 1288 1642 1255 1766 1654 1054 1289 1144 1879 1660 1758 1830 1463 1044 1059 1483 1169 1476 1002 1013 1986 1111 1216 1510 1474 1998 BCNSPRNW ULIB Ver.6.0+V

เปลี่ยนเป็นภาษาไทย

Change to English
 แสดงรายละเอียดบรรณานุกรม
  กลับหน้าหลัก

Brief Record : Get Marc (ISO 2709) : E-mail record : QR code < ปิดหน้าต่าง
LEADER : 00000nam 2200000uu 4500
001    13399111438
003     ULIB
008    110627s||||||||th 000 0 tha d
020    9786167017914
090    นว.^bม441จ 2554
100 0  มาธวี
245 00 เจ้าสาวของอรรณพ/^cมาธวี
250    พิมพ์ครั้งที่ 1
260    กรุงเทพฯ :^bอักษรศาสตร์,^c2554
300    255 หน้า
945    ^p239^l0^i030178
995    ทศพร
999 ^a ใช้งานได้ทุกระบบ
รายการนี้ยังไม่มีแท็ก
คุณยังไม่ได้ล็อกอิน คุณสามารถมีกิจกรรมร่วมกับเว็บไซต์ได้ แต่ต้องล็อกอินก่อน ::
  ล็อกอิน

รายการสื่อสารสนเทศ

ลำดับที่ ประเภท เลขเรียก/บาร์โค้ด สถานที่ สถานะ
- ไม่พบข้อมูล -

BibComment


ยังไม่เคยถูกคอมเมนท์

คอมเมนท์ทรัพยากรรายการนี้
  คอมเมนท์: เจ้าสาวของอรรณพ ม..


 Copyright 2026. Bcnsprnw @Library